000 00614nam a22002178 4500
999 _c2501
_d2501
003 UkOxU
005 20210713061745.0
008 911015s1991 enk 000 0 eng d
020 _a0412354608
040 _cALUPE UNIVERSITY
050 _aRD96.4
_b.T54 1991
092 _aD0401226493
245 0 0 _aTherapy for the burn patient /
_cedited by Annette Leveridge
260 _aLondon :
_bChapman & Hall,
_c1991
300 _axi, 170 p
650 0 _aBurns and scalds
_xTreatment
700 1 _aLeveridge, Annette.
830 0 _v27
942 _2lcc
_cBK
_nMM